000 00806 a2200193 4500
003 NUST
005 20251112182423.0
040 _cNust
082 _a621.382,KAL
100 _aKalimi , Umair GC (TCC-13)
_9131866
245 _aIntelligent error correction communication (COOMINT) system /
_cGC Umair Kalimi , GC Amjad Amir , GC Ammar Aurangzeb and GC Imran Shah
260 _aRawalpindi
_bMCS (NUST)
_c2005
300 _a126 p.;
505 _aIntroduction to Channel Coding (Page-1), Hamming Codes (Page-9), Cyclic Redundant Cheek Codes (Page-150, Generalized Reed-Solomon Codes (Page-22), Convolutional Codes (Page-28), Error Pattern Detection (Page-42).
650 _aUG Projects
_998716
651 _aTCC-13
_9126050
700 _aSupervised by Asst Prof. Fazal Ahmed
_9131867
942 _cPR
_2ddc
999 _c183248
_d183248